000 01201nam a2200289 i 4500
001 178807
003 ES-MaACL
005 20250901102248.0
008 110705s2009 sp bd |||| | spa d
020 _a978-84-96800-37-3
080 _a339(460.288 A.)"16/18"
080 _a338.1(460.288 A.)"16/18"
100 1 _aGómez Carrasco, Cosme Jesús.
_9138759
245 1 0 _aCrecimiento económico y desarrollo comercial en la Villa de Albacete (1680-1830), tratantes y mercaderes en el nacimiento de la capital /
_cCosme Jesús Gómez Carrasco.
260 _aAlbacete :
_bInstituto de Estudios Albacetenses "Don Juan Manuel",
_c2009.
300 _a354 p. :
_bil. , gráf., mapas ;
_c24 cm.
490 1 _aSerie I - Estudios ;
_v190
504 _aBibliografía: p. 317-350.
650 7 _aComercio-
_zAlbacete
_2
_9167761
651 7 _aAlbacete-
_xSituación económica-
_vHistoria.
_9167762
710 2 _aInstituto de Estudios Albacetenses.
_94884
830 0 _aSerie I - Estudios ;
_v190
_9179228
852 _aES-MaACL
_9185668
_bR.146044
_jA-11323
_cDEPO1
_dOlim: N-4327
_xDonación: Editorial
942 _2udc
_cMONOGRAFIA
999 _c178807
_d178807